Score 0/28 Timer 04:00
0 Plays Today
% Correct
Saraneth
80.2%
Garth Nix
80.2%
The Disreputable Dog
80.2%
Ranna
79.2%
Wyverly
79.2%
Astarael
78.7%
Sabriel
78.7%
Kibeth
78.2%
Cloven Crest
78.2%
Mosrael
77.7%
Abhorsen
77.7%
Mogget
77.2%
Royalty
76.6%
Lirael
75.6%
% Correct
Belisaere
74.1%
Nestowe
74.1%
Wallmakers
74.1%
Belgaer
73.1%
Mordicant
72.1%
Dyrim
70.6%
Stilken
70.6%
Clayr
69.5%
Clariel
69.5%
Edge
65.5%
Hish
62.9%
Bain
60.9%
Magrue
60.4%
Hand
59.9%
Come Together.
Have Fun.
All Virtual.
We all need to come together. Play Sporcle's virtual live trivia to have fun, connect with people, and get your trivia on. Join a live hosted trivia game for your favorite pub trivia experience done virtually. If a virtual private party is more your thing, go here for details.

You're not logged in!

Compare scores with friends on all Sporcle quizzes.
OR
Log In

Sporcle TV

Today on Sporcle TV


Watch our educational content, quiz creation guides, and fun videos on Sporcle TV.

Show Comments

Extras

Top Quizzes Today


Score Distribution

Paid Content

Your Account Isn't Verified!

In order to create a playlist on Sporcle, you need to verify the email address you used during registration. Go to your Sporcle Settings to finish the process.

Report this User

Report this user for behavior that violates our Community Guidelines.

Details: